000 00246nam a2200109Ia 4500
008 220204s9999 xx 000 0 und d
082 _a82-3
_bKNO
100 _aKnox, Bill
245 0 _aRally to kill
260 _aLondon
_bArrow
_c1976
942 _cBK
999 _c28820
_d28820